000 01218nam a2200253 u 4500
001 000148796
003 AM-YeHGA
005 20250617123042.0
008 980416s1988 ru ||||gr| |||||0|rus|d
020 _a5244001264
040 _aAM-YeHGA
041 0 _arus
245 0 0 _aПолитическая экономия - теоретическая основа революционной борьбы рабочего класса :
_bКурс лекций /
_cЛ.И. Абалкин, В.А. Медведев, Г.Н. Сорвина и др. ; Под ред. Л.И. Абалкина ; Акад. обществ. наук при ЦК КПСС. Каф. политэкономии.
250 _a2-е изд., доп. и перераб.
260 _aМосква :
_bМысль,
_c1988.
300 _a653 с.
650 1 4 _aПолитическая экономия
700 1 _aАбалкин, Леонид Иванович
_eавт.
_4aut
_eред.
_4edt
700 1 _aМедведев, В.А.
700 1 _aСорвина, Г.Н.
710 2 _aАкадемия общественных наук при ЦК КПСС.
_bКафедра политической экономии
942 _2udc
_cBK
090 _c51249
999 _c50474
_d50474